Rozpoznaj państwa po trójstyku na mapie #2 - Statystyki

Ogólne statystyki
  • Ten quiz został rozwiązany 2 567 razy
  • Średni wynik to 22 z 27
Statystyki odpowiedzi
Obrazkowy Hint Odpowiedź % Poprawnych
Chiny
96%
Indie
95%
Nepal
95%
Turcja
94%
Finlandia
93%
Grecja
93%
Norwegia
93%
Szwecja
93%
Bułgaria
92%
Algieria
91%
Rumunia
91%
Tunezja
91%
Libia
90%
Mołdawia
90%
Ukraina
90%
Argentyna
85%
Brazylia
85%
Urugwaj
85%
Etiopia
71%
Sudan
71%
Erytrea
69%
Niemcy
59%
Francja
58%
Szwajcaria
58%
(Chodzi o ten niżej) Nigeria
50%
(Chodzi o ten niżej) Czad
49%
(Chodzi o ten niżej) Kamerun
46%
Nie znaleziono quizów pasujących do podanych kryteriów
Rozkład punktacji
Procent ludzi z każdym wynikiem
Percentyl według liczby udzielonych odpowiedzi
Twoja historia wyników
Nie rozwiązałeś tego quizu